| 000 | 00704nam a2200217Ia 4500 | ||
|---|---|---|---|
| 001 | 12683 | ||
| 003 | GE_BSU | ||
| 008 | 181216s||||||||xx |||||||||||||| ||und|| | ||
| 040 | _cGE_BSU | ||
| 080 | _a632(075.32) | ||
| 100 | _aБрянцев,Б.А. Доброзракова,Т.Л. | ||
| 245 | _aЗащита растении от вредителей и болезней | ||
| 245 | _cРед.Г.А.Осмоловский | ||
| 260 | _aМ-Л | ||
| 260 | _bСельхозиздат | ||
| 260 | _c1956 | ||
| 300 | _a580стр.21см. | ||
| 300 | _cАльфавитный указатель с.576 | ||
| 653 | _aЗащита растении от вредителей и болезней | ||
| 942 | _cBK | ||
| 999 |
_c45854 _d45854 |
||